Biggest Cities in Brazil A-Z - Statistics

General Stats
  • This quiz has been taken 26 times
  • The average score is 11 of 26
Answer Stats
Letter Population City % Correct
R 6.700.000 Rio de Janeiro
100%
S 12.000.000 Sao Paulo
100%
B 2.900.000 Brasilia
96%
M 2.300.000 Manaus
96%
P 1.400.000 Porto Alegre
88%
C 1.800.000 Curitiba
84%
F 2.600.000 Fortaleza
76%
G 1.500.000 Goiania
64%
J 890.000 Joao Pessoa
64%
T 860.000 Teresina
48%
U 740.000 Uberlandia
44%
L 550.000 Londrina
40%
A 630.000 Aracaju
32%
O 760.000 Osasco
32%
D 870.000 Duque de Caxias
24%
V 490.000 Vila Velha
24%
X 47.000 Xique-Xique
20%
H 250.000 Hortolandia
16%
N 840.000 Nova Iguacu
16%
E 260.000 Embu das Artes
4%
I 380.000 Itaquaquecetuba
4%
Q 150.000 Queimados
4%
W 11.000 Wanderlandia
4%
K 4.000 Kalore
0%
Y 8.400 Ypiranga do Norte
0%
Z 2.300 Zabele
0%
No matching quizzes found
Score Distribution
Percent of People with Each Score
Percentile by Number Answered
Your Score History
You have not taken this quiz